| 000 | 01979nam0a2200349 4500 | ||
|---|---|---|---|
| 001 | RU\NLR\BIBL_A\012665182 | ||
| 005 | 20240314120307.0 | ||
| 010 |
_a978-5-94219-267-9 _9500 |
||
| 021 |
_aRU _bКН-П-21-054364 _9КН-П-21-4265 |
||
| 035 | _a(NLR Aleph) 012665182 | ||
| 090 |
_a12767998 _c12767998 |
||
| 100 | _a20211214d2021 k y0rusy50 ca | ||
| 101 | 0 | _arus | |
| 102 | _aRU | ||
| 105 | _aac||z|||000zy | ||
| 181 | 0 |
_ai _baxxe |
|
| 182 | 0 | _an | |
| 200 | 1 |
_aИсполинская осина: биологические особенности и перспективы плантационного выращивания _eмонография _fЕ.С. Багаев, С.С. Макаров, С.С. Багаев, С.А. Родин _gЦентрально-европейская лесная опытная станция, Филиал ФБУ "Всероссийский научно-исследовательский институт лесоводства и механизации лесного хозяйства" |
|
| 203 |
_aТекст _bвизуальный _cнепосредственный |
||
| 210 |
_aПушкино _cВНИИЛМ _d2021 |
||
| 215 |
_a71 с. _cил., цв. ил., портр., табл. _d20 |
||
| 320 | _aБиблиогр.: с. 60-65 | ||
| 606 | 1 |
_aОсина _xИсполинские формы _xКультура на лесных плантациях _2nlr_sh2 _3RU\NLR\AUTH\6601701523 |
|
| 686 | 1 | _aП382.26-464 | |
| 701 | 1 |
_aБагаев _bЕ. С. _gЕвгений Сергеевич |
|
| 701 | 1 |
_aМакаров _bС. С. _cд-р с.-х. наук _gСергей Сергеевич _3RU\NLR\AUTH\770240127 |
|
| 701 | 1 |
_aБагаев _bС.С. _gСергей Сергеевич |
|
| 701 | 1 |
_aРодин _bС.А. _gСергей Анатольевич |
|
| 942 | _cBOOK | ||
| 980 | _aNB | ||